Statistisches Handbuch für die Republik Österreich 1981

Guardado en:
Detalles Bibliográficos
Formato: Libro
Lenguaje:alemán
Publicado: Wien Österreichisches Statistisches Zentralamt 1981
Etiquetas: Agregar Etiqueta
Sin Etiquetas, Sea el primero en etiquetar este registro!

MARC

LEADER 00000nam a2200000 4500
001 c125428
005 20250818083757.5
041 0 |a ger 
044 |a AT 
245 1 0 |a Statistisches Handbuch für die Republik Österreich 1981 
264 1 |a Wien  |b Österreichisches Statistisches Zentralamt  |c 1981 
300 |a 668 s.